| LEADER | 00692cam a2200217 a 4500 | ||
|---|---|---|---|
| 001 | u54565 | ||
| 003 | SIRSI | ||
| 008 | 900219s1988 si v 00 eng | ||
| 035 | |a AAF-8647 | ||
| 040 | |a UMM | ||
| 090 | |a TJ211.4 |b Ong | ||
| 100 | 1 | 0 | |a Ong, Chong Jin |
| 245 | 1 | 0 | |a Force control of robot manipulators / |c by Ong Chong Jin |
| 260 | |c 1988. | ||
| 300 | |a 1v. [various pagings] : |b ill. ; |c 29 cm. | ||
| 502 | |a Dissertation (M.Eng.) -- National University of Singapore, 1988. | ||
| 504 | 0 | 0 | |a Bibliography: leaves 101-104. |
| 650 | 0 | |a Robots |x Dynamics. | |
| 948 | |a 16/03/1991 |b 28/08/2002 | ||
| 596 | |a 1 | ||
| 999 | |a TJ211.4 ONG |w LC |c 1 |i A010670652 |d 23/2/2001 |l STACKS |m P01UTAMA |n 1 |r Y |s Y |t TESIS |u 30/1/1992 | ||
